| 000 | 00394 a2200121 4500 | ||
|---|---|---|---|
| 090 |
_c6542 _d6542 |
||
| 100 | _aIBM | ||
| 245 |
_aIBM DB2 Univeral database V8.2 system administration (Student Manual) _cIBM |
||
| 260 |
_aUSA : _bInternational Business Machines Corporation, _c2005. |
||
| 300 |
_axx, 1707 p. : _bill. ; _c27cm. |
||
| 500 | _aIBM Manual (Course code L1-626.4) | ||
| 942 |
_cBK _k005.4565 IBM |
||
| 999 |
_c10373 _d10373 |
||